| 000 | 01855nam a2200457 c 4500 | ||
|---|---|---|---|
| 999 |
_c88316 _d88316 |
||
| 003 | BLK | ||
| 005 | 20250119004107.0 | ||
| 008 | 180408b bul|||||r ||||||| ||bul|| | ||
| 010 | _aKNG00092978000 | ||
| 020 | _a978-954-528-944-6 | ||
| 020 | _a978-954-528-945-3 | ||
| 020 | _a978-954-491-568-1 | ||
| 020 | _a978-954-528-945-3 | ||
| 040 | _aBLK | ||
| 041 |
_aBUL _cBUL |
||
| 072 | 7 |
_2bullib _aК _xКраезнание |
|
| 080 |
_aБългарска литература _b821.163.2 _x-94 _z821.163.2-94 |
||
| 080 |
_b949.72.05/.06 _x(0:82-94) _z949.72.05/.06(0:82-94) |
||
| 100 | 1 |
_aЦанев, Стефан Неделчев _d1936- _gПисател, поет, драматург. _9364639 |
|
| 139 |
_aЦанев, Стефан Неделчев _bЦ 16 |
||
| 245 | 1 | 0 |
_aБългарски хроники _bПоема : Т. 1 - _cСтефан Неделчев Цанев. _nТ. 4 _p1943 - 2007 |
| 257 | _aBGR | ||
| 260 |
_c2006 - _fПловдив : Жанет 45 |
||
| 300 | _c21 см | ||
| 380 | _aX | ||
| 500 | _aОфс. изд. | ||
| 650 | 0 |
_aБългария - история _9244493 |
|
| 651 | 4 |
_aБългария _9241624 |
|
| 653 | _aбългарска история | ||
| 653 | _aнай-нова история | ||
| 659 | _aК | ||
| 760 | 1 |
_aЦанев, Стефан Неделчев _dТруд, Жанет 45, 2009 _h463 с. _nКор. загл. Български хроники : История на нашия народ от 1943 до 2007 г. - Т. 4 вкл. кн. 5. - Деп. екз. с инв. №120000752429 е с твърда подв. _tТ. 4 1943 - 2007 |
|
| 852 | _aЦб 228226 | ||
| 852 | _aК 821.163.2/Ц 16 С | ||
| 856 | 4 | _qpdf | |
| 856 | 4 | _qpdf | |
| 942 |
_cKNG _n0 _018 _s1 |
||
| 944 |
_aCR _c10.12.2009 _lCRON CRON _k |
||
| 944 |
_aED _c09.12.2011 _lф / |
||
| 999 | _d88316 | ||